Федор Сологуб (Запись № 10190501)

Подробности
000 -МАРКЕР
контрольное поле 01696nam0a2200361 i 4500
001 - ИДЕНТИФИКАТОР ЗАПИСИ
контрольное поле RU\NLR\BIBL_A\010514419
005 - ИДЕНТИФИКАТОР ВЕРСИИ
контрольное поле 20260406153406.0
010 ## - МЕЖДУНАРОДНЫЙ СТАНДАРТНЫЙ НОМЕР КНИГИ (ISBN)
Номер (ISBN) 9785235037137
Тираж 3000
021 ## - НОМЕР ГОСУДАРСТВЕННОЙ РЕГИСТРАЦИИ
Код страны Российская Федерация
Номер 2014-63879
Номер Листа государственной регистраци 3891
035 ## - ДРУГИЕ СИСТЕМНЫЕ НОМЕРА
Идентификатор записи (NILC)RuMoRGB-007541363
035 ## - ДРУГИЕ СИСТЕМНЫЕ НОМЕРА
Идентификатор записи (NLR Aleph) 010514419
100 ## - ДАННЫЕ ОБЩЕЙ ОБРАБОТКИ
Данные общей обработки 20141028d2014 um y0rusy50 ca
101 0# - ЯЗЫК РЕСУРСА
Язык текста, звукозаписи и т.д. русский
102 ## - СТРАНА ПУБЛИКАЦИИ ИЛИ ПРОИЗВОДСТВА
Страна публикации Российская Федерация
105 ## - ПОЛЕ КОДИРОВАННЫХ ДАННЫХ: ТЕКСТОВЫЕ МАТЕРИАЛЫ, МОНОГРАФИЧЕСКИЕ
Кодированные данные о монографическом текстовом документе ach|z||||01yb
200 1# - ЗАГЛАВИЕ И СВЕДЕНИЯ ОБ ОТВЕТСТВЕННОСТИ
Основное заглавие Федор Сологуб
Первые сведения об ответственности Мария Савельева
210 ## - ПУБЛИКАЦИЯ, РАСПРОСТРАНЕНИЕ И ДР.
Место издания, распространения и т.д. Москва
Имя издателя, распространителя и т. д. Молодая гвардия
Дата издания, распространения и т.д. 2014
215 ## - ФИЗИЧЕСКАЯ ХАРАКТЕРИСТИКА
Специфическое обозначение материала и объем 245, [1] c., [8] л. ил., портр., факс.
Размеры 21
225 2# - СЕРИЯ
Основное заглавие серии Жизнь замечательных людей
Сведения, относящиеся к заглавию серия биографий
Сведения об ответственности Основана в 1890 году Ф. Павленковым и продолжена в 1933 году М. Горьким
Обозначение тома вып. 1689 (1489)
320 ## - ПРИМЕЧАНИЯ О НАЛИЧИИ В ДОКУМЕНТЕ БИБЛИОГРАФИИ / УКАЗАТЕЛЯ
Текст примечания Библиогр.: с. 242-244 и в подстроч. примеч.
333 ## - ПРИМЕЧАНИЯ ОБ ОСОБЕННОСТЯХ РАСПРОСТРАНЕНИЯ И ИСПОЛЬЗОВАНИЯ
Текст примечания 16+
600 #1 - ИМЯ ЛИЦА КАК ПРЕДМЕТ
Начальный элемент ввода Сологуб
Часть имени, кроме начального элемента ввода Ф. К.
Даты 1863 - 1927
Расширение инициалов личного имени Федор Кузьмич
Тематический подзаголовок Биография
Системный номер авторитетной/нормативной записи 2203437
Идентификатор авторитетной/нормативной записи RU\NLR\AUTH\6601558614
686 2# - ИНДЕКСЫ ДРУГИХ КЛАССИФИКАЦИЙ
Индекс Ш5(2=Р)53-4Сологуб
700 #1 - ИМЯ ЛИЦА - ПЕРВИЧНАЯ ОТВЕТСТВЕННОСТЬ
Графика поля Кириллица
Материалы, к которым относится поле rus
Начальный элемент ввода Савельева
Часть имени, кроме начального элемента ввода М. С.
Дополнения к именам, кроме дат канд. филол. наук, литературоведение
Даты 1984-
Расширение инициалов личного имени Мария Сергеевна
Системный номер авторитетной/нормативной записи 138016
Идентификатор авторитетной/нормативной записи RU\NLR\AUTH\770138051
702 #1 - ИМЯ ЛИЦА - ВТОРИЧНАЯ ОТВЕТСТВЕННОСТЬ
Код отношения Прочие
Графика поля Кириллица
Материалы, к которым относится поле rus
Начальный элемент ввода Сологуб
Часть имени, кроме начального элемента ввода Ф. К.
Даты 1863-1927
Расширение инициалов личного имени Федор Кузьмич
Системный номер авторитетной/нормативной записи 116304
Идентификатор авторитетной/нормативной записи RU\NLR\AUTH\776350
801 #0 - ИСТОЧНИК ЗАПИСИ
Страна Российская Федерация
Организация РГБ
Дата составления 20140822
Правила каталогизации RCR
801 #1 - ИСТОЧНИК ЗАПИСИ
Страна Российская Федерация
Организация РГБ
Дата составления 20140822
Источник данных rusmarc
942 ## - ДОПОЛНИТЕЛЬНЫЕ ЭЛЕМЕНТЫ ЗАПИСИ (АБИС)
Тип экземпляра АБИС Книга
980 ## - КОЛЛЕКЦИЯ
Название коллекции НБР

Нет доступных экземпляров.